Online
Catalog

El cantar de Roldán. (Record no. 2437)

MARC details
000 -CABECERA
campo de control de longitud fija 00580cam a2200169 a 4500
001 - NÚMERO DE CONTROL
campo de control 000002601
005 - FECHA Y HORA DE LA ÚLTIMA TRANSACCIÓN
campo de control 20200929150224.0
008 - DATOS DE LONGITUD FIJA--INFORMACIÓN GENERAL
campo de control de longitud fija 920323s1985 cl b 000 0 spa
040 ## - FUENTE DE LA CATALOGACIÓN
Centro catalogador/agencia de origen DO-SdBNP
Lengua de catalogación spa
Centro/agencia transcriptor BNPHU
082 ## - NÚMERO DE LA CLASIFICACIÓN DECIMAL DEWEY
Número de clasificación 808.8132
Número de documento/Ítem C229r
245 03 - MENCIÓN DE TÍTULO
Título El cantar de Roldán.
260 ## - PUBLICACIÓN, DISTRIBUCIÓN, ETC.
Lugar de publicación, distribución, etc. Santiago de Chile :
Nombre del editor, distribuidor, etc. Ercilla,
Fecha de publicación, distribución, etc. 1985.
300 ## - DESCRIPCIÓN FÍSICA
Extensión 139 p. ;
Dimensiones 18 cm.
440 #0 - MENCIÓN DE SERIE/PUNTO DE ACCESO ADICIONAL--TÍTULO
Título Biblioteca Ercilla :
Nombre de parte o sección de la obra Los mejores libros de la literatura universal ;
Designación de volumen o secuencia no. 30
9 (RLIN) 8200
650 #4 - PUNTO DE ACCESO ADICIONAL DE MATERIA--TÉRMINO DE MATERIA
Término de materia o nombre geográfico como elemento de entrada Poesía épica
Subdivisión general Traducciones al español
9 (RLIN) 8201
650 #4 - PUNTO DE ACCESO ADICIONAL DE MATERIA--TÉRMINO DE MATERIA
Término de materia o nombre geográfico como elemento de entrada Canciones de gesta
Subdivisión general Traducciones al español
9 (RLIN) 8202
Holdings
Estado de retiro Estado de pérdida Restricciones de uso No para préstamo Código de colección Localización permanente Ubicación/localización actual Ubicación en estantería Fecha de adquisición Número de inventario Total de préstamos Signatura topográfica completa Código de barras Fecha visto por última vez Precio válido a partir de Tipo de ítem Koha
      Excluido de préstamo Monografías: Libros y Folletos General General Depósito 06.07.2009 LF1   808.8132 C229r 2601-10 25.06.2020 25.06.2020 No se presta
        Monografías: Libros y Folletos General General Orden iniciada 29.05.2017 LF1   808.8132 C229r 2601-20 25.06.2020 25.06.2020 No se presta

Powered by Koha